U.S. Senators from Wisconsin - Statistics

General Stats
  • This quiz has been taken 11 times
  • The average score is 7 of 28
Answer Stats
Hint Answer % Correct
2011-Present Ron Johnson
100%
1906-1925 Robert La Follette Sr.
90%
1993-2011 Russ Feingold
80%
2013-Present Tammy Baldwin
80%
1989-2013 Herb Kohl
70%
1947-1957 Joseph McCarthy
70%
1963-1981 Gaylord Nelson
60%
1957-1989 William Proxmire
50%
1981-1993 Bob Kasten
40%
1939-1963 Alexander Wiley
20%
1925-1947 Robert La Follette Jr.
20%
1933-1939 F. Ryan Duffy
10%
1848-1857 Henry Dodge
10%
1885-1891, 1897-1907 John C. Spooner
10%
1899-1905 Joseph V. Quarles
10%
1875-1881, 1881-1885 Angus Cameron
0%
1855-1861 Charles Durkee
0%
1918-1927 Irvine Lenroot
0%
1848-1855 Isaac P. Walker
0%
1907-1915 Isaac Stephenson
0%
1857-1869 James R. Doolittle
0%
1927-1933 John J. Blaine
0%
1893-1899 John L. Mitchell
0%
1869-1875, 1879-1881 Matthew H. Carpenter
0%
1915-1917 Paul O. Husting
0%
1881-1893 Philetus Sawyer
0%
1861-1879 Timothy O. Howe
0%
1891-1897 William F. Vilas
0%
No matching quizzes found
Score Distribution
Percent of People with Each Score
Percentile by Number Answered
Your Score History
You have not taken this quiz